| 000 | nam a22 7a 4500 | ||
|---|---|---|---|
| 999 |
_c330825 _d330825 |
||
| 003 | NUST | ||
| 005 | 20170810115912.0 | ||
| 008 | 170810b xxu||||| |||| 00| 0 eng d | ||
| 040 | _cNUST | ||
| 082 |
_a891.4391 _bBAK |
||
| 100 |
_aBaksh, Mian Muhammad _93888 |
||
| 245 |
_aMan mela: _bMian Muhammad Baksh kay kalam ka urdu tarjuma/ _cby Muhammad Baksh, compiled by Zameer Jafri |
||
| 260 |
_aIslamabad: _bLoke virsa, _c1997 |
||
| 300 | _a448 p. | ||
| 500 | _aPoetry | ||
| 650 |
_aUrdu Literature-Poetry _91415 |
||
| 880 |
_6100-01\(3\r _aمیاں محمد بخش |
||
| 880 |
_6245-02\(3\r _aمن میلہ: _bمیاں محمد بخش کے کلام کا اردو ترجمہ _cمیاں محمد بخش، ترتیب و انتخاب: ضمیر جعفری |
||
| 880 |
_6260-03\(3\r _aاسلام آباد: _bلوک ورثہ، _c1997 |
||
| 942 |
_2ddc _cBK |
||